Welcome to CU Library Online Public Access Catalogue (OPAC)

Physical science / (Record no. 1537)

MARC details
000 -LEADER
fixed length control field 00573cam a2200205 a 4500
001 - CONTROL NUMBER
control field 601439
005 - DATE AND TIME OF LATEST TRANSACTION
control field 20241125180724.0
008 - FIXED-LENGTH DATA ELEMENTS--GENERAL INFORMATION
fixed length control field 911204s1993 iaua 001 0 eng
020 ## - INTERNATIONAL STANDARD BOOK NUMBER
International Standard Book Number 9780697138187
050 00 - LIBRARY OF CONGRESS CALL NUMBER
Classification number Q158.5
Item number .T55 1993
082 00 - DEWEY DECIMAL CLASSIFICATION NUMBER
Classification number 500.2
Edition information 20
100 1# - MAIN ENTRY--PERSONAL NAME
Personal name Tillery, Bill W.
245 10 - TITLE STATEMENT
Title Physical science /
Statement of responsibility, etc. Bill W. Tillery.
250 ## - EDITION STATEMENT
Edition statement 2nd ed.
260 ## - PUBLICATION, DISTRIBUTION, ETC.
Place of publication, distribution, etc. Dubuque, Iowa :
Name of publisher, distributor, etc. Wm. C. Brown Publishers
Date of publication, distribution, etc. c1993.
300 ## - PHYSICAL DESCRIPTION
Extent xiv, 618 p. :
Other physical details col. ill. ;
Dimensions 28 cm.
500 ## - GENERAL NOTE
General note Includes index.
650 #0 - SUBJECT ADDED ENTRY--TOPICAL TERM
Topical term or geographic name entry element Physical sciences.
942 ## - ADDED ENTRY ELEMENTS (KOHA)
Source of classification or shelving scheme Library of Congress Classification
Koha item type Books
Edition 2nd ed.
Suppress in OPAC No
999 ## -
-- 1537
-- 1537
Holdings
Withdrawn status Lost status Source of classification or shelving scheme Damaged status Not for loan Collection Home library Current library Shelving location Date acquired Total checkouts Full call number Barcode Date last seen Copy number Price effective from Koha item type
    Library of Congress Classification     Non-fiction Science Library (Miotso) Science Library (Miotso) General stacks 11/25/2024   QC21.2 TIL SLM00000822 11/25/2024 1 11/25/2024 Books
    Library of Congress Classification     Non-fiction Science Library (Miotso) Science Library (Miotso) General stacks 11/25/2024   QC21.2 TIL SLM00000823 11/25/2024 2 11/25/2024 Books
    Library of Congress Classification     Non-fiction Science Library (Miotso) Science Library (Miotso) General stacks 11/25/2024   QC21.2 TIL SLM00000824 11/25/2024 3 11/25/2024 Books
    Library of Congress Classification     Non-fiction Science Library (Miotso) Science Library (Miotso) General stacks 11/25/2024   QC21.2 TIL SLM00000825 11/25/2024 4 11/25/2024 Books
    Library of Congress Classification     Non-fiction Science Library (Miotso) Science Library (Miotso) General stacks 11/25/2024   QC21.2 TIL SLM00000826 11/25/2024 5 11/25/2024 Books
© 2023-2024 Copyright: Central University Libraries. All Rights Reserved | Created by: Mahone Tech Office